| 000 | 00950nam a22002657a 4500 | ||
|---|---|---|---|
| 005 | 20201128021119.0 | ||
| 008 | 141110t2014 xxkak frb 001 0 eng d | ||
| 020 | _a9780273793359 | ||
| 020 | _a0273793357 | ||
| 040 | _aEG-ScBUE | ||
| 082 | 0 | 0 |
_222 _a005.8 _bSTA |
| 100 | 1 |
_92633 _aStallings, William |
|
| 245 | 1 | 0 |
_aCryptography and network security : _bprinciples and practice / _cWilliam Stallings ; contributions by Mohit P. Tahiliani. |
| 250 |
_a6th ed., _binternational ed. |
||
| 260 |
_aHarlow, United Kingdom : _bPearson Education Limited, _cc.2014 _f(Courier Westford) |
||
| 300 |
_a751 p. : _bforms, tables ; _c23 cm. |
||
| 490 | 0 | _aAlways learning | |
| 500 | _aIndex : p. 743-751. | ||
| 504 | _aBibliography : p. 730-739. | ||
| 650 | 0 |
_92634 _aComputer networks _xSecurity measures |
|
| 653 |
_bCOMSCI _cNovember2014 |
||
| 655 |
_vreading book _934232 |
||
| 700 | 1 |
_936473 _aTahiliani, Mohit P. _econtributor. |
|
| 942 |
_2ddc _k005.8 STA |
||
| 999 |
_c18587 _d18559 |
||